| 000 | 00816nam a22001937a 4500 | ||
|---|---|---|---|
| 999 |
_c9231 _d9231 |
||
| 003 | AR-CdUCM | ||
| 008 | 190327b ||||| |||| 00| 0 spa d | ||
| 020 | _a978-612-00-1942-9 | ||
| 040 |
_aMUNICIPALIDAD PROVINCIAL DEL CUSCO _cBIBLIOTECA MUNICIPAL DEL CUSCO |
||
| 082 |
_a657 / _bA38 |
||
| 100 |
_aAlfaro Linares, Jacinto _925303 |
||
| 245 | _aSaneamiento contable en el Perú / | ||
| 260 |
_aLima : _bPacifico Editores, _c2015. |
||
| 300 |
_a188 paginas ; _c23 cm. |
||
| 505 | _aContenido :Marco conceptual metodológico --Procedimiento administrativo del contrato para realizar un buen saneamiento --Principales instrumentos técnicos para el buen saneamiento contable --Casos prácticos --Indicadores de desempeño--Ratios --Anexos / | ||
| 650 |
_aContabilidad _910543 |
||
| 942 |
_2ddc _cLIBROS |
||
| 945 | _arjall | ||